000 00665nam a2200265Ia 4500
003 OSt
005 20221005132855.0
006 a|||||r|||| 00| 0
007 ta
008 221004b |||||||| |||| 00| 0 tam d
020 _c20.00
024 _a48823
037 _cTextual
040 _aCRL
_cCRL
_btam
041 _2tam
_atam
082 _aO31,1NVA:g, M9
100 _aBalasubramanian Au.
_9641780
245 0 _aVanithsah ilukiyu taan
260 _c1989
300 _a160p.
_ccm.
650 _a TAMIL POETRY
650 _aTAMIL LITERATURE
942 _hO31,1NVA:g, M9
_cTEXL
_2cc
999 _c1065084
_d1065084